000 00481nam a2200157Ia 4500
008 210716s2018 xx 000 0 und d
020 _a9789352805112
041 _aeng
082 _a658.3 SENA
100 _aSengupta, Amitabha.
245 _aHuman resource management: concepts practices and new paradigms.
_bConcepts practices and new paradigms.
250 _a1
260 _aNew Delhi
_bSage Publications
_c2018
300 _axix,473,I5
650 _aHuman Resource Management
999 _c211235
_d211235